000 00676nam a2200265Ia 4500
005 20260324153238.0
008 008 260324s9999 xx 000 0 eng d
020 _a9780128043943
037 _aEBOOK
040 _aCRL
040 _beng
040 _cCRL
041 _2eng
041 _aeng
084 _qCRL
100 _aHodes, Matthew
245 0 _aPositive Mental Health, Fighting Stigma and Promoting Resiliency for Children and Adolescents
260 _bElsevier
260 _c2016
650 _aPsychology
856 _uhttps://www.sciencedirect.com/science/book/9780128043943
942 _cEBOOK
999 _c1842312
_d1842312